| 000 | 00559nam a2200193 a 4500 | ||
|---|---|---|---|
| 005 | 20140310183248.0 | ||
| 008 | 040921s19uu xx 00 eng d | ||
| 020 | _a0761943838 | ||
| 050 |
_aLB 1028 _b.M775 2004 |
||
| 100 | _aMuijs, Daniel | ||
| 245 |
_aDoing quantitative research in education with spss / _cDaniel Muijs |
||
| 260 |
_aLondon : _bSage Publications, _c2004. |
||
| 300 |
_a228 p. : _bill. ; _c24 cm. |
||
| 500 | _aIncludes index. | ||
| 521 | _aBSBA | ||
| 650 |
_aEducation _xStatistical methods. |
||
| 942 |
_cBK _2lcc _kFOR |
||
| 999 |
_c20729 _d20729 |
||